00697nam a2200181 i 4500001000400000100002200004245008500026260006200111300005500173505005100228651004300279700002300322020001500345040000800360041000800368008004100376856009800417bgj1 aLOWI, Theodore J.10aAmerican government :bfreedom and power /cTheodore J. Lowi, Benjamin Ginsberg. aNew York ;aLondon :bW. W. Norton & Company,ccop. 1990. aXXV, 795, A101 :bphotos, graphs, tables ;c24 cm. aIncludes index and bibliographical references. 9aUnited StatesxPolitics and Government1 aGINSBERG, Benjamin a039396020X cBPK0 aeng s uk f |000 0 eng  uhttp://koha.tu.koszalin.pl/cgi-bin/koha/opac-detail.pl?biblionumber=47673yKatalog online BPK